ARRUPE JESUIT UNIVERSITY

CORONAVIRUS -STOP THE SPREAD - CLEAN,DISINFECT,COVER

Secular religions in France, 1815-1870. (Record no. 129575)

MARC details
000 -LEADER
fixed length control field 00916cam a22002771 4500
001 - CONTROL NUMBER
control field 8445130
003 - CONTROL NUMBER IDENTIFIER
control field ARRUPE
005 - DATE AND TIME OF LATEST TRANSACTION
control field 20190507111750.0
008 - FIXED-LENGTH DATA ELEMENTS--GENERAL INFORMATION
fixed length control field 750128s1963 enk 001 0 eng
010 ## - LIBRARY OF CONGRESS CONTROL NUMBER
LC control number 63005127
015 ## - NATIONAL BIBLIOGRAPHY NUMBER
National bibliography number GB63-10828
035 ## - SYSTEM CONTROL NUMBER
System control number (OCoLC)1154284
040 ## - CATALOGING SOURCE
Original cataloging agency DLC
Transcribing agency MShM
Modifying agency OCoLC
-- Uk
-- DLC
050 00 - LIBRARY OF CONGRESS CALL NUMBER
Classification number BR843
Item number .C48 1963
082 ## - DEWEY DECIMAL CLASSIFICATION NUMBER
Classification number 209.44
300 ## - PHYSICAL DESCRIPTION
Dimensions 23 cm.
100 1# - MAIN ENTRY--PERSONAL NAME
Personal name Charlton, D. G.
Fuller form of name (Donald Geoffrey)
9 (RLIN) 46308
245 10 - TITLE STATEMENT
Title Secular religions in France, 1815-1870.
Statement of responsibility, etc D.G. Charlton
260 ## - PUBLICATION, DISTRIBUTION, ETC. (IMPRINT)
Place of publication, distribution, etc London,
-- New York,
Name of publisher, distributor, etc Published for the University of Hull by the Oxford University Press,
Date of publication, distribution, etc 1963.
300 ## - PHYSICAL DESCRIPTION
Extent xiii, 249 p.
490 0# - SERIES STATEMENT
Series statement University of Hull publications
650 #0 - SUBJECT ADDED ENTRY--TOPICAL TERM
Topical term or geographic name as entry element Sects
Geographic subdivision France.
9 (RLIN) 46309
650 #0 - SUBJECT ADDED ENTRY--TOPICAL TERM
Topical term or geographic name as entry element Philosophy, French
Chronological subdivision 19th century.
9 (RLIN) 46310
651 #0 - SUBJECT ADDED ENTRY--GEOGRAPHIC NAME
Geographic name France
General subdivision Religion.
9 (RLIN) 46311
906 ## - LOCAL DATA ELEMENT F, LDF (RLIN)
a 7
b cbc
c oclcrpl
d u
e ncip
f 19
g y-gencatlg
942 ## - ADDED ENTRY ELEMENTS (KOHA)
Source of classification or shelving scheme Library of Congress Classification
Koha item type Monograph ( Printed materials)
Holdings
Withdrawn status Lost status Source of classification or shelving scheme Damaged status Not for loan Collection code Home library Current library Shelving location Date acquired Total Checkouts Full call number Barcode Date last seen Price effective from Koha item type
    Library of Congress Classification     Main Collection ARRUPE LIBRARY ARRUPE LIBRARY Main Collection 07/05/2019   BR843 .C48 1963 46600004732 07/05/2019 07/05/2019 Monograph ( Printed materials)

 

Arrupe Library. PO Box MP320 Mt Pleasant, Harare, Zimbabwe
263 242 745411|librarian@aju.ac.zw